| 000 | 01113cam a2200277 a 4500 | ||
|---|---|---|---|
| 001 | 000015301 | ||
| 005 | 20200929164015.0 | ||
| 008 | 100204s1995 sp 000 f spa d | ||
| 020 | _a8475064256 | ||
| 040 |
_aDO-SdBNP _bspa _cBNPHU |
||
| 082 |
_a863.5 _bA323ó |
||
| 100 | 1 |
_aAlas Clarín, Leopoldo, _d1852-1901. _qLeopoldo García-Alas y Ureña _934601 |
|
| 245 | 1 | 0 |
_aObras completas / _cLeopoldo Alas Clarín ; edición y prólogo de Santos Sanz Villanueva ; editor Manuel Arroyo Stephens. |
| 260 |
_aMadrid : _bBiblioteca Castro, _c1995. |
||
| 300 |
_av. ; _c23 cm. |
||
| 500 | _aLa biblioteca posee los volúmenes 1 y 2. | ||
| 505 | 0 |
_gVol. 1. _tLa regenta -- |
|
| 505 | 0 |
_gVol. 2. _tObras completas, II. Pipá. Doña Berta. Cuervo. Superchería. El señor y los demás, son cuentos. Cuentos morales. El gallo de Sócrates. |
|
| 650 | 4 |
_aNovela española _91123 |
|
| 650 | 4 |
_aLiteratura española _9632 |
|
| 650 | 4 |
_aAdulterio _91269 |
|
| 700 | 1 |
_aSanz Villanueva, Santos, _eed. _epról. _924455 |
|
| 700 | 1 |
_aArroyo Stephens, Manuel, _eed. _934595 |
|
| 910 | _acatalogación derivada. | ||
| 049 | _aBNGR | ||
| 999 |
_c14867 _d14867 |
||